Nerf Mega Blasters - Statistics

General Stats
  • This quiz has been taken 79 times
  • The average score is 7 of 16
Answer Stats
Hint Answer % Correct
2013 Centurion
68%
2014 Magnus
66%
2019 Megalodon
56%
2015 RotoFury
54%
2015 BigShock
51%
2017 TwinShock
49%
2015 CycloneShock
44%
2020 MotoStryke
39%
2018 Tri-Break
39%
2017 DoubleBreach
37%
2020 Talon
37%
2016 Lightning Bow
34%
2019 Bulldog
29%
2016 HotShock
24%
2016 Mega Mastodon
20%
2014 Mega ThunderBow
15%
No matching quizzes found
Score Distribution
Percent of People with Each Score
Percentile by Number Answered
Your Score History
You have not taken this quiz